Fruits by Country - Statistics

General Stats
  • This quiz has been taken 49 times
    48 since last reset
  • The average score is 7 of 10
Answer Stats
Fruit Country % Correct
Marionberry United States
95%
Avocado Mexico
85%
Passion Fruit Brazil
83%
Peaches China
83%
Mango India
80%
Cranberries Canada
66%
Bush tomato Australia
59%
Cherry Russia
56%
Pear Turkey
51%
Muskmelon Saudi Arabia
44%
No matching quizzes found
Score Distribution
Percent of People with Each Score
Percentile by Number Answered
Your Score History
You have not taken this quiz since the last reset